[Event "Oberliga Baden 1314"]
[Site "Germany"]
[Date "2013.11.24"]
[Round "3.4"]
[White "Schaufelberger, Heinz"]
[Black "Dushatskiy, Fedor"]
[Result "1/2-1/2"]
[WhiteElo "2226"]
[BlackElo "2185"]
[PlyCount "36"]
[EventDate "2013.10.13"]
[EventType "team-tourn"]
[EventRounds "9"]
[EventCountry "GER"]
[SourceTitle "EXT 2015"]
[Source "ChessBase"]
[SourceDate "2014.11.20"]
[SourceVersion "1"]
[SourceVersionDate "2014.11.20"]
[SourceQuality "1"]
[WhiteTeam "Waldshut"]
[BlackTeam "Hockenheim"]
[WhiteTeamCountry "GER"]
[BlackTeamCountry "GER"]

1. g3 d5 2. Nf3 c5 3. Bg2 Nc6 4. 0-0 Nf6 5. c4 d4 6. d3 e5 7. a3 a5 8. e3 Be7 9. Re1 0-0 10. exd4 exd4 11. Ne5 Nxe5 12. Rxe5 Bd6 13. Re1 h6 14. Nd2 Bg4 15. Qc2 Qd7 16. Ne4 Nxe4 17. Bxe4 Kh8 18. Bg2 Bh3 1/2-1/2

[Event "Oberliga Baden 1314"]
[Site "Germany"]
[Date "2013.11.10"]
[Round "2.5"]
[White "Schaufelberger, Heinz"]
[Black "Mader, Manuela"]
[Result "1-0"]
[WhiteElo "2226"]
[BlackElo "2216"]
[PlyCount "117"]
[EventDate "2013.10.13"]
[EventType "team-tourn"]
[EventRounds "9"]
[EventCountry "GER"]
[SourceTitle "EXT 2015"]
[Source "ChessBase"]
[SourceDate "2014.11.20"]
[SourceVersion "1"]
[SourceVersionDate "2014.11.20"]
[SourceQuality "1"]
[WhiteTeam "Waldshut"]
[BlackTeam "Ettlingen"]
[WhiteTeamCountry "GER"]
[BlackTeamCountry "GER"]

1. g3 Nf6 2. Bg2 g6 3. c4 Bg7 4. Nc3 0-0 5. d3 d6 6. Nf3 a6 7. 0-0 c5 8. a3 Nc6 9. Rb1 Bd7 10. b4 cxb4 11. axb4 Ne8 12. Bd2 Rb8 13. b5 axb5 14. Nxb5 Nc7 15. Be3 Ne6 16. Qd2 Re8 17. Rb3 Qa5 18. Qxa5 Nxa5 19. Ra3 Bxb5 20. cxb5 b6 21. Rb1 Rec8 22. Bh3 Rc2 23. Bxe6 fxe6 24. Kf1 Bf6 25. Nd4 Bxd4 26. Bxd4 e5 27. Bxb6 Rxb6 28. Rxa5 Rc5 29. Rb2 Kf7 30. Kg2 Ke6 31. Kf3 Kd5 32. Rb4 Ke6 33. Rh4 Rcxb5 34. Rxb5 Rxb5 35. Rxh7 Kf6 36. h4 Rb4 37. g4 Ra4 38. Kg3 Ra2 39. g5+ Ke6 40. Kf3 Ra4 41. e4 d5 42. Rg7 Ra3 43. Rxg6+ Kf7 44. Rh6 Rxd3+ 45. Ke2 dxe4 46. Rh7+ Kg6 47. Rxe7 Rh3 48. Re6+ Kf7 49. Rh6 Kg7 50. Kf1 e3 51. fxe3 Rxe3 52. Kf2 Ra3 53. Kg2 Kf7 54. Rf6+ Kg7 55. Re6 Ra4 56. Kg3 Re4 57. h5 Re1 58. h6+ Kf7 59. Rf6+ 1-0

[Event "Cesenatico op 17th"]
[Site "Cesenatico"]
[Date "2013.09.07"]
[Round "8"]
[White "Schaufelberger, Heinz"]
[Black "Tomasini, Giovanni"]
[Result "1-0"]
[WhiteElo "2262"]
[BlackElo "2059"]
[PlyCount "89"]
[EventDate "2013.08.31"]
[EventType "swiss"]
[EventRounds "9"]
[EventCountry "ITA"]
[SourceTitle "CBM 156 Extra"]
[Source "ChessBase"]
[SourceDate "2013.10.22"]
[SourceVersion "1"]
[SourceVersionDate "2013.10.22"]
[SourceQuality "1"]

1. g3 Nf6 2. Bg2 d5 3. Nf3 c5 4. c4 e6 5. 0-0 Nc6 6. b3 Be7 7. Bb2 0-0 8. cxd5 exd5 9. d4 Ne4 10. Nc3 cxd4 11. Nxd4 f5 12. Nxc6 bxc6 13. Na4 Bf6 14. Qc2 Bd7 15. Rac1 Rc8 16. Rfd1 Qe7 17. e3 h5 18. Bxf6 Rxf6 19. Nc5 Re8 20. h4 Bc8 21. b4 Nd6 22. Nd3 Nc4 23. Nf4 Qxb4 24. Bxd5+ cxd5 25. Nxd5 Na3 26. Qxc8 Rxc8 27. Rxc8+ Rf8 28. Nxb4 Rxc8 29. Rd5 g6 30. Ra5 Rc1+ 31. Kg2 Nc4 32. Rxa7 Nd2 33. f3 Nc4 34. e4 fxe4 35. fxe4 Ne3+ 36. Kf3 Ng4 37. Kf4 Rc4 38. Nd5 Nf2 39. Nf6+ Kf8 40. Kg5 Nxe4+ 41. Kxg6 Nxf6 42. Kxf6 Rc6+ 43. Ke5 Rc3 44. Kf4 Kg8 45. Ra5 1-0

[Event "Oberliga Baden 1213"]
[Site "Baden"]
[Date "2013.01.13"]
[Round "5.4"]
[White "Schaufelberger, Heinz"]
[Black "Becker, Matthias1111"]
[Result "1/2-1/2"]
[WhiteElo "2261"]
[BlackElo "1979"]
[PlyCount "77"]
[EventDate "2012.10.14"]
[EventType "team-tourn"]
[EventRounds "9"]
[EventCountry "GER"]
[SourceTitle "EXT 2014"]
[Source "ChessBase"]
[SourceDate "2013.11.20"]
[SourceVersion "1"]
[SourceVersionDate "2013.11.20"]
[SourceQuality "1"]
[WhiteTeam "Waldshut"]
[BlackTeam "Buchen"]
[WhiteTeamCountry "GER"]
[BlackTeamCountry "GER"]

1. g3 e5 2. Bg2 Nc6 3. d3 g6 4. c4 Bg7 5. Nc3 d6 6. Nf3 f5 7. 0-0 Nf6 8. Rb1 a5 9. a3 0-0 10. b4 axb4 11. axb4 h6 12. b5 Ne7 13. Qb3 Kh8 14. Bb2 g5 15. Ra1 Rxa1 16. Rxa1 f4 17. Nd2 fxg3 18. hxg3 Ng4 19. Bf3 Nxf2 20. Kxf2 g4 21. Nd5 gxf3 22. exf3 Nf5 23. Rg1 c6 24. bxc6 bxc6 25. Ne3 Qg5 26. Nef1 Qg6 27. Qb6 Bd7 28. Qc7 Rf7 29. c5 Nd4 30. Bxd4 exd4 31. Ne4 Bf8 32. Nxd6 Bxd6 33. Qxd6 Qxd3 34. Qxh6+ Kg8 35. Qg5+ Kf8 36. Qd8+ Kg7 37. Qg5+ Kf8 38. Qd8+ Kg7 39. Qg5+ 1/2-1/2

[Event "Cesenatico op 16th"]
[Site "Cesenatico"]
[Date "2012.09.09"]
[Round "9"]
[White "Schaufelberger, Heinz"]
[Black "Ronzano, Luca"]
[Result "1-0"]
[WhiteElo "2281"]
[BlackElo "1955"]
[PlyCount "54"]
[EventDate "2012.09.01"]
[EventType "swiss"]
[EventRounds "9"]
[EventCountry "ITA"]
[SourceTitle "CBM 150 Extra"]
[Source "ChessBase"]
[SourceDate "2012.10.19"]
[SourceVersion "1"]
[SourceVersionDate "2012.10.19"]
[SourceQuality "1"]

1. Nf3 Nc6 2. d4 d5 3. Bf4 Bg4 4. e3 e6 5. c4 Bb4+ 6. Nc3 Nge7 7. Rc1 0-0 8. h3 Bh5 9. cxd5 Nxd5 10. Bh2 f5 11. a3 Nxc3 12. bxc3 Bxa3 13. Rb1 Bd6 14. Bxd6 Qxd6 15. Rxb7 Rfb8 16. Rxb8+ Rxb8 17. Qa1 Bxf3 18. gxf3 Qd5 19. Be2 e5 20. 0-0 f4 21. Rb1 Rxb1+ 22. Qxb1 exd4 23. cxd4 Qe6 24. Qb5 Qg6+ 25. Kf1 h6 26. Bd3 Qd6 27. Be4 Nd8 1-0

[Event "Oberliga Baden 1011"]
[Site "Baden"]
[Date "2011.02.06"]
[Round "6.4"]
[White "Schaufelberger, Heinz"]
[Black "Schwierskott, Marc"]
[Result "0-1"]
[WhiteElo "2298"]
[BlackElo "2227"]
[PlyCount "108"]
[EventDate "2010.10.10"]
[EventType "team-tourn"]
[EventRounds "9"]
[EventCountry "GER"]
[SourceTitle "EXT 2012"]
[Source "ChessBase"]
[SourceDate "2011.11.24"]
[SourceVersion "1"]
[SourceVersionDate "2011.11.24"]
[SourceQuality "1"]
[WhiteTeam "Waldshut"]
[BlackTeam "Brombach"]
[WhiteTeamCountry "GER"]
[BlackTeamCountry "GER"]

1. d4 g6 2. c4 Bg7 3. e4 d6 4. Nc3 Nc6 5. Be3 e5 6. d5 Nce7 7. c5 f5 8. cxd6 cxd6 9. Bb5+ Kf7 10. exf5 Nxf5 11. Bd2 Bh6 12. Nge2 Nh4 13. Kf1 Kg7 14. h3 Bxd2 15. Qxd2 Nh6 16. Ng1 Rf8 17. g3 N4f5 18. Kg2 Nd4 19. Bd3 Nhf5 20. Rc1 Bd7 21. h4 h6 22. Be4 Qf6 23. f3 Rf7 24. Nce2 Raf8 25. Rc3 Bb5 26. Nc1 Qd8 27. Nh3 Qa5 28. Nf2 Nxg3 29. Kxg3 Nxf3 30. Qe3 Nd4 31. Ng4 Rf4 32. Nb3 Qb6 33. Re1 Bd7 34. Nh2 Qd8 35. Kg2 Qxh4 36. Qg3 Rf2+ 37. Kg1 Qxg3+ 38. Rxg3 Ne2+ 39. Rxe2 Rxe2 40. Bxg6 Kh8 41. Nf3 Rxb2 42. Nbd2 Rf4 43. Ne4 Rg4 44. Rxg4 Bxg4 45. Nh4 Kg7 46. Bf5 Bxf5 47. Nxf5+ Kf8 48. Nexd6 a5 49. Nc4 Rxa2 50. d6 Ke8 51. Nxe5 Re2 52. Nc4 a4 53. Kf1 Re4 54. Nb6 Rf4+ 0-1

[Event "Oberliga Baden 1011"]
[Site "Baden"]
[Date "2010.10.10"]
[Round "1.4"]
[White "Schaufelberger, Heinz"]
[Black "Villing, Dieter"]
[Result "1-0"]
[WhiteElo "2271"]
[BlackElo "2205"]
[PlyCount "135"]
[EventDate "2010.10.10"]
[EventType "team-tourn"]
[EventRounds "9"]
[EventCountry "GER"]
[SourceTitle "EXT 2012"]
[Source "ChessBase"]
[SourceDate "2011.11.24"]
[SourceVersion "1"]
[SourceVersionDate "2011.11.24"]
[SourceQuality "1"]
[WhiteTeam "Waldshut"]
[BlackTeam "Ladenburg"]
[WhiteTeamCountry "GER"]
[BlackTeamCountry "GER"]

1. d4 Nf6 2. c4 e6 3. Nf3 c5 4. d5 d6 5. Nc3 exd5 6. cxd5 g6 7. e4 Bg7 8. Bg5 0-0 9. Nd2 Nbd7 10. Be2 h6 11. Bh4 g5 12. Bg3 Ne5 13. Bxe5 dxe5 14. 0-0 Ne8 15. a4 b6 16. Re1 Nd6 17. Nc4 Bb7 18. Nxd6 Qxd6 19. Bc4 Qg6 20. h3 Rad8 21. Qe2 Bc8 22. g4 Qf6 23. Nb5 Rd7 24. Kg2 Rfd8 25. Ra3 Bf8 26. Rf3 Qg6 27. Nc3 Bd6 28. Ba6 f6 29. Re3 Rh7 30. Bxc8 Rxc8 31. Nb5 Bf8 32. Rd1 Qf7 33. Qc4 h5 34. f3 a6 35. Nc3 Ra8 36. Rd2 Bd6 37. Nd1 Qb7 38. Rb3 Rb8 39. Nc3 Kg7 40. Rd1 Rbh8 41. Rh1 Rb8 42. Qe2 Qc8 43. Nd1 c4 44. Rc3 b5 45. axb5 axb5 46. Ne3 Bb4 47. Rc2 Qa6 48. Nf5+ Kg6 49. gxh5+ Kf7 50. h6 Bf8 51. h4 Kg8 52. hxg5 fxg5 53. d6 Bxd6 54. Qd1 Bc7 55. Qd5+ Kf8 56. Rd2 Qb7 57. Qe6 Qb6 58. Nd6 Bxd6 59. Rxd6 Qc5 60. Qf6+ Kg8 61. Qxg5+ Kh8 62. Qf6+ Kg8 63. Kf1 Rf7 64. h7+ Rxh7 65. Rg1+ Qxg1+ 66. Kxg1 Rf8 67. Rd8 Rg7+ 68. Kf2 1-0

[Event "EU-Cup 25th"]
[Site "Ohrid"]
[Date "2009.10.06"]
[Round "3.2"]
[White "Schaufelberger, Heinz"]
[Black "Sodoma, Jan"]
[Result "1-0"]
[WhiteElo "2270"]
[BlackElo "2376"]
[PlyCount "79"]
[EventDate "2009.10.04"]
[EventType "team-swiss"]
[EventRounds "7"]
[EventCountry "MKD"]
[SourceTitle "CBM 133"]
[Source "ChessBase"]
[SourceDate "2009.11.19"]
[SourceVersion "1"]
[SourceVersionDate "2009.11.19"]
[SourceQuality "1"]
[WhiteTeam "Niederrohrdorf"]
[BlackTeam "Ennis"]
[WhiteTeamCountry "SUI"]
[BlackTeamCountry "IRL"]

1. d4 d5 2. Nf3 Nf6 3. c4 c6 4. e3 e6 5. Nbd2 Nbd7 6. b3 Bd6 7. Bb2 0-0 8. Bd3 c5 9. 0-0 cxd4 10. exd4 b6 11. Ne5 Bb7 12. Re1 Re8 13. cxd5 Bxd5 14. Ba6 Bb4 15. Nd3 Bf8 16. Rc1 Rb8 17. a4 Bb7 18. Bc4 Nd5 19. Nf3 a6 20. g3 Qf6 21. Nfe5 Nxe5 22. Nxe5 Red8 23. Bf1 Rbc8 24. Bg2 Bd6 25. Qg4 Qe7 26. Rxc8 Rxc8 27. Nc4 Bb4 28. Rd1 Qd8 29. Qe2 Be7 30. h4 Bxh4 31. gxh4 Nf4 32. Qg4 Nxg2 33. d5 Qf8 34. Qxg2 Bxd5 35. Qg4 f5 36. Qd4 Qf7 37. Kh2 Qc7+ 38. f4 b5 39. Rg1 bxc4 40. Rxg7+ 1-0

[Event "Zuerich op-A 31th"]
[Site "Zuerich"]
[Date "2007.12.27"]
[Round "2"]
[White "Illi, Hans Joerg"]
[Black "Schaufelberger, Heinz"]
[Result "0-1"]
[WhiteElo "2175"]
[BlackElo "2332"]
[PlyCount "104"]
[EventDate "2007.12.26"]
[EventType "swiss"]
[EventRounds "7"]
[EventCountry "SUI"]
[SourceTitle "CBM 122 Extra"]
[Source "ChessBase"]
[SourceDate "2008.03.04"]
[SourceVersion "1"]
[SourceVersionDate "2008.03.04"]
[SourceQuality "1"]

1. d4 Nf6 2. Nf3 g6 3. Bg5 Bg7 4. Nbd2 0-0 5. e3 d6 6. Bc4 c5 7. c3 Nbd7 8. 0-0 b6 9. e4 h6 10. Bh4 Nh5 11. Re1 g5 12. Bg3 Nxg3 13. hxg3 e6 14. Nf1 cxd4 15. cxd4 Nf6 16. Bd3 a5 17. Rc1 Ba6 18. Bb1 Rc8 19. Qb3 Rxc1 20. Rxc1 Qb8 21. Rc6 Nd7 22. Qa3 Rc8 23. Qc3 Qb7 24. Rxc8+ Qxc8 25. Ne3 Qxc3 26. bxc3 Kf8 27. Ne1 Ke7 28. g4 Kd8 29. Bd3 Bxd3 30. Nxd3 Kc7 31. Kf1 b5 32. a3 Bf8 33. c4 Kc6 34. Ke2 bxc4 35. Nxc4 Kb5 36. Ndb2 d5 37. a4+ Kb4 38. exd5 exd5 39. Ne3 Nb6 40. Nd3+ Kxa4 41. Kd2 Nc4+ 42. Kc2 Nxe3+ 43. fxe3 Bd6 44. Kc3 Kb5 45. Nc1 Bb4+ 46. Kd3 a4 47. Na2 Ba5 48. e4 dxe4+ 49. Kxe4 Kc4 50. d5 Bc7 51. Nc1 a3 52. Na2 Bf4 0-1

[Event "EU-Cup 23rd"]
[Site "Kemer"]
[Date "2007.10.09"]
[Round "7.1"]
[White "Thorfinnsson, Bragi"]
[Black "Schaufelberger, Heinz"]
[Result "1-0"]
[WhiteElo "2404"]
[BlackElo "2332"]
[PlyCount "67"]
[EventDate "2007.10.03"]
[EventType "team-swiss"]
[EventRounds "7"]
[EventCountry "TUR"]
[SourceTitle "CBM 121"]
[Source "ChessBase"]
[SourceDate "2007.11.14"]
[SourceVersion "1"]
[SourceVersionDate "2007.11.14"]
[SourceQuality "1"]
[WhiteTeam "Reykjavik Hellir"]
[BlackTeam "Niederrohrdorf"]
[WhiteTeamCountry "ISL"]
[BlackTeamCountry "SUI"]

1. Nf3 Nf6 2. c4 g6 3. Nc3 Bg7 4. g3 0-0 5. Bg2 d6 6. 0-0 c6 7. d3 a6 8. Ne1 d5 9. cxd5 cxd5 10. Qb3 e6 11. e4 Nc6 12. Bg5 d4 13. Ne2 e5 14. f4 h6 15. Bh4 Qd6 16. h3 Be6 17. Qd1 Nh7 18. f5 Bd7 19. g4 g5 20. Bg3 a5 21. h4 a4 22. Nf3 f6 23. Qd2 Rfc8 24. Rfc1 Qb4 25. Rxc6 Qxd2 26. Rxc8+ Rxc8 27. Nxd2 Rc2 28. Nc4 Rxe2 29. Bf3 Rc2 30. Bd1 Rxc4 31. dxc4 Bf8 32. Be2 Bc6 33. Bd3 Kf7 34. h5 1-0

[Event "EU-Cup 23rd"]
[Site "Kemer"]
[Date "2007.10.06"]
[Round "4.1"]
[White "Schaufelberger, Heinz"]
[Black "Karttunen, Mika"]
[Result "1/2-1/2"]
[WhiteElo "2332"]
[BlackElo "2427"]
[PlyCount "27"]
[EventDate "2007.10.03"]
[EventType "team-swiss"]
[EventRounds "7"]
[EventCountry "TUR"]
[SourceTitle "CBM 121"]
[Source "ChessBase"]
[SourceDate "2007.11.14"]
[SourceVersion "1"]
[SourceVersionDate "2007.11.14"]
[SourceQuality "1"]
[WhiteTeam "Niederrohrdorf"]
[BlackTeam "Tampere"]
[WhiteTeamCountry "SUI"]
[BlackTeamCountry "FIN"]

1. d4 d5 2. c4 c6 3. Nf3 Nf6 4. e3 g6 5. Nc3 Bg7 6. Bd3 0-0 7. 0-0 a6 8. h3 b5 9. cxd5 cxd5 10. b4 Nc6 11. Qb3 Qd6 12. Rb1 Rb8 13. Rd1 Bd7 14. Bd2 1/2-1/2

[Event "Balatonlelle IM"]
[Site "Balatonlelle"]
[Date "2005.06.19"]
[Round "2"]
[White "Schaufelberger, Heinz"]
[Black "Brueggemann, Joachim"]
[Result "1/2-1/2"]
[WhiteElo "2307"]
[BlackElo "2388"]
[PlyCount "78"]
[EventDate "2005.06.18"]
[EventType "tourn"]
[EventRounds "9"]
[EventCountry "HUN"]
[EventCategory "4"]
[SourceTitle "EXT 2008"]
[Source "ChessBase"]
[SourceDate "2007.11.25"]
[SourceVersion "1"]
[SourceVersionDate "2007.11.25"]
[SourceQuality "1"]

1. d4 Nf6 2. c4 e6 3. Nf3 Bb4+ 4. Bd2 a5 5. g3 0-0 6. Bg2 d6 7. 0-0 Bxd2 8. Qxd2 Nbd7 9. Nc3 e5 10. e4 Re8 11. b3 c6 12. h3 exd4 13. Nxd4 Nc5 14. Rfe1 Qb6 15. Rab1 h6 16. Kh2 Be6 17. a3 a4 18. Nxe6 Rxe6 19. b4 Nb3 20. Qc2 Nd4 21. Qd3 c5 22. Nd5 Nxd5 23. cxd5 Re7 24. bxc5 Qxc5 25. Rec1 Qa7 26. Qe3 Nb3 27. Rc8+ Kh7 28. Rxa8 Qxa8 29. Qb6 Qb8 30. f4 f6 31. Re1 Qc7 32. Qxc7 Rxc7 33. e5 fxe5 34. fxe5 dxe5 35. Rxe5 Rd7 36. Be4+ g6 37. d6 Rxd6 38. Re7+ Kh8 39. Bxb7 Rd2+ 1/2-1/2

[Event "SUI-chT"]
[Site "Switzerland"]
[Date "2005.05.22"]
[Round "4.5"]
[White "Schaufelberger, Heinz"]
[Black "Vogt, Lothar"]
[Result "1/2-1/2"]
[WhiteElo "2291"]
[BlackElo "2487"]
[PlyCount "84"]
[EventDate "2005.02.27"]
[EventType "team-tourn"]
[EventRounds "9"]
[EventCountry "SUI"]
[SourceTitle "EXT 2006"]
[Source "ChessBase"]
[SourceDate "2005.11.24"]
[SourceVersion "1"]
[SourceVersionDate "2005.11.24"]
[SourceQuality "1"]
[WhiteTeam "Riehen"]
[BlackTeam "Zuerich"]
[WhiteTeamCountry "SUI"]
[BlackTeamCountry "SUI"]

1. d4 Nf6 2. c4 g6 3. Nc3 Bg7 4. e4 d6 5. Nf3 0-0 6. Be2 e5 7. 0-0 Nbd7 8. d5 Nc5 9. Nd2 a5 10. Rb1 Ne8 11. Nb3 Nxb3 12. axb3 f5 13. exf5 Bxf5 14. Bd3 Qh4 15. g3 Qe7 16. f3 Nf6 17. Ne4 Nxe4 18. Bxe4 Bxe4 19. fxe4 Qd7 20. Rxf8+ Rxf8 21. Kg2 h5 22. Bd2 b6 23. Qe2 Kh7 24. h3 Bh6 25. Bxh6 Kxh6 26. Rf1 Rxf1 27. Qxf1 Kg7 28. Qf3 Qe7 29. h4 Qd7 30. Kh2 b5 31. Qd1 c5 32. Qe2 bxc4 33. bxc4 Qa4 34. g4 hxg4 35. Kg3 Qa1 36. Qxg4 Qg1+ 37. Kh3 Qe3+ 38. Kg2 Kh6 39. Qf3 Qd2+ 40. Qf2 Qxf2+ 41. Kxf2 Kh5 42. Kg3 a4 1/2-1/2

[Event "SUI-chT"]
[Site "Switzerland"]
[Date "2004.11.07"]
[Round "9.5"]
[White "Adler, Joel Arturo Manuel"]
[Black "Schaufelberger, Heinz"]
[Result "1/2-1/2"]
[WhiteElo "2339"]
[BlackElo "2298"]
[PlyCount "82"]
[EventDate "2004.02.29"]
[EventType "team-tourn"]
[EventRounds "9"]
[EventCountry "SUI"]
[SourceTitle "EXT 2006"]
[Source "ChessBase"]
[SourceDate "2005.11.24"]
[SourceVersion "1"]
[SourceVersionDate "2005.11.24"]
[SourceQuality "1"]
[WhiteTeam "Bern"]
[BlackTeam "Riehen"]
[WhiteTeamCountry "SUI"]
[BlackTeamCountry "SUI"]

1. d4 Nf6 2. c4 g6 3. Nc3 Bg7 4. e4 d6 5. f3 0-0 6. Be3 c5 7. Nge2 Nc6 8. d5 Ne5 9. Ng3 e6 10. Be2 exd5 11. cxd5 Bd7 12. a4 a6 13. h3 b5 14. f4 Nc4 15. Bxc4 bxc4 16. 0-0 Rb8 17. e5 Ne8 18. Qd2 dxe5 19. Bxc5 Nd6 20. Kh1 Nf5 21. Nxf5 Bxf5 22. Bxf8 Qxf8 23. fxe5 Bxe5 24. Rae1 Qd6 25. Rxf5 gxf5 26. Qg5+ Bg7 27. Qxf5 Rxb2 28. Qc8+ Bf8 29. Qxc4 Qg6 30. Qe4 Bb4 31. Qxg6+ hxg6 32. Re8+ Kg7 33. Ne4 f5 34. Ng5 Rb1+ 35. Kh2 Bd6+ 36. g3 Rb2+ 37. Kg1 Bxg3 38. Ra8 Rd2 39. Rxa6 Rxd5 40. Kg2 Be1 41. Ne6+ Kf7 1/2-1/2

[Event "Balatonlelle IM"]
[Site "Balatonlelle"]
[Date "2004.07.25"]
[Round "7"]
[White "Kuzmicz, Krystian"]
[Black "Schaufelberger, Heinz"]
[Result "1-0"]
[WhiteElo "2385"]
[BlackElo "2282"]
[PlyCount "57"]
[EventDate "2004.07.19"]
[EventType "tourn"]
[EventRounds "9"]
[EventCountry "HUN"]
[EventCategory "4"]
[SourceTitle "CBM 101 Extra"]
[Source "ChessBase"]
[SourceDate "2004.09.01"]
[SourceVersion "2"]
[SourceVersionDate "2004.09.01"]
[SourceQuality "1"]

1. e4 c5 2. d3 Nc6 3. g3 g6 4. Bg2 Bg7 5. f4 d6 6. Nf3 e5 7. 0-0 exf4 8. gxf4 Nge7 9. c3 0-0 10. Be3 b6 11. d4 Bg4 12. d5 Na5 13. h3 Bh5 14. Qd3 Bxf3 15. Bxf3 f5 16. Nd2 Qd7 17. Rae1 Rae8 18. Bf2 fxe4 19. Nxe4 h6 20. Bg4 Nf5 21. Ng3 Rxe1 22. Rxe1 Nb7 23. Nxf5 gxf5 24. Bh5 Nd8 25. Kh2 Kh8 26. b3 b5 27. Bh4 Bf6 28. Bxf6+ Rxf6 29. Re8+ 1-0

[Event "Balatonlelle IM"]
[Site "Balatonlelle"]
[Date "2004.07.24"]
[Round "6"]
[White "Schaufelberger, Heinz"]
[Black "Titz, Heimo"]
[Result "1-0"]
[WhiteElo "2282"]
[BlackElo "2217"]
[PlyCount "175"]
[EventDate "2004.07.19"]
[EventType "tourn"]
[EventRounds "9"]
[EventCountry "HUN"]
[EventCategory "4"]
[SourceTitle "CBM 101 Extra"]
[Source "ChessBase"]
[SourceDate "2004.09.01"]
[SourceVersion "2"]
[SourceVersionDate "2004.09.01"]
[SourceQuality "1"]

1. d4 Nf6 2. c4 e6 3. Nc3 Bb4 4. Bd2 d5 5. a3 Bxc3 6. Bxc3 0-0 7. e3 b6 8. cxd5 exd5 9. Nf3 Nbd7 10. b4 a6 11. Be2 Bb7 12. 0-0 Re8 13. a4 Ne4 14. Qb3 c6 15. a5 b5 16. Ne1 Qe7 17. Rd1 Rad8 18. Nd3 Nd6 19. Rfe1 Bc8 20. Bf3 f5 21. Bh5 Rf8 22. Ne5 Nxe5 23. dxe5 Nc4 24. f4 Be6 25. Bd4 Qh4 26. Be2 Rfe8 27. Rf1 Rd7 28. Qc3 Qd8 29. Bd3 Qc8 30. Rf3 Rf7 31. Rh3 Qc7 32. Ra1 Ra8 33. Qe1 g6 34. Kf2 Kf8 35. Ke2 Ke8 36. Rh6 Kd7 37. h4 Rg8 38. Qg3 Qd8 39. Qg5 Kc8 40. Qxd8+ Kxd8 41. h5 Rfg7 42. Rg1 Kd7 43. hxg6 hxg6 44. Rgh1 Ke8 45. R1h2 Rf7 46. Bc3 Kd7 47. Rh7 Ke8 48. Bd4 Ke7 49. Bc5+ Ke8 50. Bc2 Kd7 51. Kd3 Ke8 52. g3 Kd7 53. Kd4 Ke8 54. Bd1 Kd7 55. Rh8 Rfg7 56. Bf8 Rxh8 57. Rxh8 Rg8 58. Rh7+ Kd8 59. Bh6 Bd7 60. Bg5+ Kc8 61. Be2 Re8 62. Be7 Nd2 63. Bd3 Nc4 64. Rg7 Nb2 65. Be2 Rh8 66. Bh4 Be8 67. e6 Nc4 68. Bf6 Rf8 69. Be5 Nxe5 70. Kxe5 Rh8 71. Kd6 Rf8 72. g4 Rh8 73. gxf5 gxf5 74. Bd3 Rf8 75. Bxf5 Rxf5 76. Rg8 d4 77. Rxe8+ Kb7 78. e7 Rd5+ 79. Ke6 dxe3 80. Rb8+ Kxb8 81. e8Q+ Kb7 82. Qe7+ Kb8 83. Kf6 Rd4 84. Qxe3 Rd7 85. Qb6+ Rb7 86. Qxa6 Rh7 87. Qb6+ Ka8 88. Qxc6+ 1-0

[Event "Balatonlelle IM"]
[Site "Balatonlelle"]
[Date "2004.07.22"]
[Round "4"]
[White "Schaufelberger, Heinz"]
[Black "Hardicsay, Peter"]
[Result "1/2-1/2"]
[WhiteElo "2282"]
[BlackElo "2307"]
[PlyCount "31"]
[EventDate "2004.07.19"]
[EventType "tourn"]
[EventRounds "9"]
[EventCountry "HUN"]
[EventCategory "4"]
[SourceTitle "CBM 101 Extra"]
[Source "ChessBase"]
[SourceDate "2004.09.01"]
[SourceVersion "2"]
[SourceVersionDate "2004.09.01"]
[SourceQuality "1"]

1. d4 Nf6 2. c4 e6 3. Nc3 Bb4 4. Bd2 0-0 5. a3 Bxc3 6. Bxc3 Ne4 7. Qc2 f5 8. g3 d6 9. Bg2 Nxc3 10. Qxc3 Nd7 11. Nf3 Qe7 12. Rc1 e5 13. 0-0 e4 14. Nd2 Nf6 15. e3 c6 16. f3 1/2-1/2

[Event "Balatonlelle IM"]
[Site "Balatonlelle"]
[Date "2004.07.21"]
[Round "3"]
[White "Schaufelberger, Heinz"]
[Black "Roth, Peter"]
[Result "1-0"]
[WhiteElo "2282"]
[BlackElo "2244"]
[PlyCount "91"]
[EventDate "2004.07.19"]
[EventType "tourn"]
[EventRounds "9"]
[EventCountry "HUN"]
[EventCategory "4"]
[SourceTitle "CBM 101 Extra"]
[Source "ChessBase"]
[SourceDate "2004.09.01"]
[SourceVersion "2"]
[SourceVersionDate "2004.09.01"]
[SourceQuality "1"]

1. d4 Nf6 2. c4 c5 3. d5 a6 4. a4 e5 5. Nc3 d6 6. e4 Be7 7. h3 Nbd7 8. Nf3 Nf8 9. g3 Ng6 10. h4 h5 11. Bh3 Bxh3 12. Rxh3 Qd7 13. Rh1 Bd8 14. a5 Rb8 15. Qa4 0-0 16. Qxd7 Nxd7 17. b3 f6 18. Ke2 Bc7 19. Bd2 Rfc8 20. Rhb1 Bd8 21. Kd3 Ngf8 22. Na4 b5 23. axb6 Bxb6 24. Ra3 Rb7 25. Ne1 Ba7 26. Kc2 Nb8 27. Nc3 Rf7 28. f4 g6 29. Nf3 Bb6 30. Kd3 Nfd7 31. Raa1 Bd8 32. f5 Rg7 33. fxg6 Rxg6 34. Rg1 Be7 35. Nd1 f5 36. exf5 Rg4 37. Nf2 e4+ 38. Nxe4 Rf8 39. Bf4 Rxf5 40. Raf1 Nf6 41. Nxf6+ Rxf6 42. Re1 Bf8 43. Re8 Nd7 44. Rge1 Kf7 45. Ng5+ Kg6 46. R1e6 1-0